00859nam a22001337a 4500008004100000020001800041050002100059100004300080245006500123260003100188300002200219505042200241650006200663130413s2011 mx ||||| |||| 00| 0 spa d a978607426188204aK181b P438 201210aPérez Valera, Víctor Manueleautor13aArgumentación jurídicac/ Víctor Manuel Pérez Varela aMéxicob: Oxfordc, 2012 axi, 228 páginas aSignificado e importancia de la argumentación jurídica Algunas teorías de la argumentación jurídica La argumentación jurídica en un nuevo contexto filosófico La argumentación jurídica y el significado Lógica formal y lógica jurídica La argumentación jurídica y la retórica clásica La argumentación en la oratoria forense Sugerencias prácticas sobre la argumentación jurídica 10aARGUMENTACIÓN (DERECHO) xJURISPRUDENCIA, LEGISLACIÓN